000 00400pab a2200157 454500
008 180718b2005 xxu||||| |||| 00| 0 eng d
100 _aSatynarayana, A.
245 _aPatterns of peasant mobility in a Tyagi village - 1954-94
260 _c2005
300 _ap.573-92.
362 _aJul-Dec
650 _aRural areas
650 _aPeasantry
773 _aEastern Anthropologist
909 _a68628
999 _c68628
_d68628